000 00374nam a2200121 i 4500
001 bg
245 0 _aMateriały budowlane :
_bwspółczesne kierunki badawcze i rozwojowe : sesja naukowa z okazji 70-lecia urodzin prof. Władysława Muszyńskiego.
260 _aKraków,
_c1990.
040 _cBPK
041 _apol
942 _cKS
008 s pl f |000 0 pol
999 _c29477
_d29477
856 _uhttp://koha.tu.koszalin.pl/cgi-bin/koha/opac-detail.pl?biblionumber=29477
_yKatalog online BPK